00535nam a2200133Ia 4500008004100000100003000041245014700071245003000218260005300248260001600301300000800317650001500325856006100340170221s9999 xx 000 0 und d aNazar Omer Abdallah Ahmed aImpact of Human Resource Management Practices on Organizational citizenship Behavior: an Empirical investigation from Banking Sector of Sudan  cNazar Omer Abdallah Ahmed bInternational Review of Management and Marketing cAugust 2014 a3:3 xMarketing. uhttp://www.econjournals.com/index.php/irmm/issue/view/88